Jeux de lancement de la Nintendo Switch - Statistiques

Statistiques générales
  • Ce quiz a été pris 136 fois
  • Le résultat moyen est 2 sur 5
Statistiques - réponses
Jeux % Correct
The Legend of Zelda: Breath of the Wild
94%
1-2-Switch
53%
Just Dance 2017
13%
Super Bomberman R
12%
Skylanders: Imaginators
5%
Aucun quiz correspondant
Distribution des résultats
% des personnes avec chaque résultat
Percentile par nombre de réponses
Votre historique - résultats
Vous n’avez pas pris ce quiz